<?xml version="1.0" encoding="UTF-8"?>
<record
    xmlns:xsi="http://www.w3.org/2001/XMLSchema-instance"
    xsi:schemaLocation="http://www.loc.gov/MARC21/slim http://www.loc.gov/standards/marcxml/schema/MARC21slim.xsd"
    xmlns="http://www.loc.gov/MARC21/slim">

  <leader>01700nam a22003137a 4500</leader>
  <datafield tag="999" ind1=" " ind2=" ">
    <subfield code="c">96938</subfield>
    <subfield code="d">96938</subfield>
  </datafield>
  <controlfield tag="003">NALT</controlfield>
  <controlfield tag="005">20260112093951.0</controlfield>
  <controlfield tag="008">200519b        th ||||| |||| 00| 0 tha d</controlfield>
  <datafield tag="020" ind1=" " ind2=" ">
    <subfield code="a">9786165657549</subfield>
  </datafield>
  <datafield tag="040" ind1=" " ind2=" ">
    <subfield code="a">NALT</subfield>
  </datafield>
  <datafield tag="090" ind1=" " ind2=" ">
    <subfield code="a">KR 36</subfield>
    <subfield code="b">&#xE08;549 2562</subfield>
  </datafield>
  <datafield tag="245" ind1="0" ind2="0">
    <subfield code="a">GDPR &#xE09;&#xE1A;&#xE31;&#xE1A;&#xE20;&#xE32;&#xE29;&#xE32;&#xE44;&#xE17;&#xE22; /</subfield>
    <subfield code="c">&#xE41;&#xE1B;&#xE25;&#xE41;&#xE25;&#xE30;&#xE40;&#xE23;&#xE35;&#xE22;&#xE1A;&#xE40;&#xE23;&#xE35;&#xE22;&#xE07;&#xE42;&#xE14;&#xE22; &#xE19;&#xE04;&#xE23; &#xE40;&#xE2A;&#xE23;&#xE35;&#xE23;&#xE31;&#xE01;&#xE29;&#xE4C; ... [&#xE41;&#xE25;&#xE30;&#xE04;&#xE19;&#xE2D;&#xE37;&#xE48;&#xE19;&#xE46;].</subfield>
  </datafield>
  <datafield tag="246" ind1="1" ind2="4">
    <subfield code="a">General Data Protection Regulation &#xE09;&#xE1A;&#xE31;&#xE1A;&#xE20;&#xE32;&#xE29;&#xE32;&#xE44;&#xE17;&#xE22;</subfield>
  </datafield>
  <datafield tag="250" ind1=" " ind2=" ">
    <subfield code="a">&#xE1E;&#xE34;&#xE21;&#xE1E;&#xE4C;&#xE04;&#xE23;&#xE31;&#xE49;&#xE07;&#xE41;&#xE23;&#xE01;</subfield>
  </datafield>
  <datafield tag="260" ind1=" " ind2=" ">
    <subfield code="a">&#xE01;&#xE23;&#xE38;&#xE07;&#xE40;&#xE17;&#xE1E;&#xE2F; :</subfield>
    <subfield code="b">&#xE1E;&#xE35;. &#xE40;&#xE1E;&#xE23;&#xE2A;,</subfield>
    <subfield code="c">2562.</subfield>
  </datafield>
  <datafield tag="300" ind1=" " ind2=" ">
    <subfield code="a">246 &#xE2B;&#xE19;&#xE49;&#xE32; ;</subfield>
    <subfield code="c">21 &#xE0B;&#xE21;.</subfield>
  </datafield>
  <datafield tag="650" ind1=" " ind2="0">
    <subfield code="a">&#xE2A;&#xE34;&#xE17;&#xE18;&#xE34;&#xE2A;&#xE48;&#xE27;&#xE19;&#xE1A;&#xE38;&#xE04;&#xE04;&#xE25;</subfield>
    <subfield code="z">&#xE01;&#xE25;&#xE38;&#xE48;&#xE21;&#xE1B;&#xE23;&#xE30;&#xE40;&#xE17;&#xE28;&#xE2A;&#xE2B;&#xE20;&#xE32;&#xE1E;&#xE22;&#xE38;&#xE42;&#xE23;&#xE1B;</subfield>
    <subfield code="9">44861</subfield>
  </datafield>
  <datafield tag="650" ind1=" " ind2="4">
    <subfield code="a">&#xE01;&#xE32;&#xE23;&#xE1B;&#xE49;&#xE2D;&#xE07;&#xE01;&#xE31;&#xE19;&#xE02;&#xE49;&#xE2D;&#xE21;&#xE39;&#xE25;</subfield>
    <subfield code="9">27086</subfield>
    <subfield code="x">&#xE01;&#xE0E;&#xE2B;&#xE21;&#xE32;&#xE22;&#xE41;&#xE25;&#xE30;&#xE23;&#xE30;&#xE40;&#xE1A;&#xE35;&#xE22;&#xE1A;&#xE02;&#xE49;&#xE2D;&#xE1A;&#xE31;&#xE07;&#xE04;&#xE31;&#xE1A;</subfield>
  </datafield>
  <datafield tag="650" ind1=" " ind2="4">
    <subfield code="a">&#xE1A;&#xE38;&#xE04;&#xE04;&#xE25;</subfield>
    <subfield code="9">44904</subfield>
    <subfield code="x">&#xE02;&#xE49;&#xE2D;&#xE21;&#xE39;&#xE25;</subfield>
    <subfield code="x">&#xE01;&#xE32;&#xE23;&#xE04;&#xE38;&#xE49;&#xE21;&#xE04;&#xE23;&#xE2D;&#xE07;</subfield>
  </datafield>
  <datafield tag="700" ind1="0" ind2=" ">
    <subfield code="a">&#xE19;&#xE04;&#xE23; &#xE40;&#xE2A;&#xE23;&#xE35;&#xE23;&#xE31;&#xE01;&#xE29;&#xE4C;</subfield>
    <subfield code="9">18371</subfield>
  </datafield>
  <datafield tag="700" ind1="0" ind2=" ">
    <subfield code="a">&#xE13;&#xE23;&#xE07;&#xE04;&#xE4C; &#xE43;&#xE08;&#xE2B;&#xE32;&#xE0D;.</subfield>
    <subfield code="9">20120</subfield>
  </datafield>
  <datafield tag="700" ind1="0" ind2=" ">
    <subfield code="a">&#xE1B;&#xE23;&#xE30;&#xE2A;&#xE34;&#xE17;&#xE18;&#xE34;&#xE4C; &#xE1B;&#xE34;&#xE27;&#xE32;&#xE27;&#xE31;&#xE12;&#xE19;&#xE1E;&#xE32;&#xE19;&#xE34;&#xE0A;.</subfield>
    <subfield code="9">5924</subfield>
  </datafield>
  <datafield tag="700" ind1="0" ind2=" ">
    <subfield code="a">&#xE28;&#xE38;&#xE20;&#xE40;&#xE01;&#xE35;&#xE22;&#xE23;&#xE15;&#xE34; &#xE28;&#xE38;&#xE20;&#xE28;&#xE31;&#xE01;&#xE14;&#xE34;&#xE4C;&#xE28;&#xE36;&#xE01;&#xE29;&#xE32;&#xE01;&#xE23;</subfield>
    <subfield code="9">44864</subfield>
  </datafield>
  <datafield tag="700" ind1=" " ind2=" ">
    <subfield code="a">&#xE19;&#xE34;&#xE0A;&#xE32;&#xE19;&#xE31;&#xE19;&#xE17;&#xE4C; &#xE19;&#xE31;&#xE19;&#xE17;&#xE28;&#xE34;&#xE23;&#xE34;&#xE28;&#xE23;&#xE13;&#xE4C;</subfield>
    <subfield code="9">44865</subfield>
  </datafield>
  <datafield tag="850" ind1=" " ind2=" ">
    <subfield code="a">NALT</subfield>
  </datafield>
  <datafield tag="942" ind1=" " ind2=" ">
    <subfield code="c">LB</subfield>
    <subfield code="2">local</subfield>
  </datafield>
  <datafield tag="998" ind1=" " ind2=" ">
    <subfield code="a">bijaya</subfield>
    <subfield code="c">103</subfield>
    <subfield code="b">phon</subfield>
    <subfield code="j">1020</subfield>
    <subfield code="k"> &#xE19;&#xE32;&#xE07;&#xE08;&#xE33;&#xE40;&#xE23;&#xE35;&#xE22;&#xE07;  &#xE23;&#xE30;&#xE27;&#xE31;&#xE07;&#xE2A;&#xE33;&#xE42;&#xE23;&#xE07;</subfield>
  </datafield>
  <datafield tag="952" ind1=" " ind2=" ">
    <subfield code="0">0</subfield>
    <subfield code="1">0</subfield>
    <subfield code="2">local</subfield>
    <subfield code="4">0</subfield>
    <subfield code="7">0</subfield>
    <subfield code="8">CLAW</subfield>
    <subfield code="a">NALT</subfield>
    <subfield code="b">NALT</subfield>
    <subfield code="c">LAW</subfield>
    <subfield code="d">2020-05-19</subfield>
    <subfield code="l">2</subfield>
    <subfield code="m">1</subfield>
    <subfield code="o">KR 36 &#xE08;549 2562</subfield>
    <subfield code="p">3961210426</subfield>
    <subfield code="r">2022-12-13 00:00:00</subfield>
    <subfield code="s">2022-11-29</subfield>
    <subfield code="t">&#xE09;.1</subfield>
    <subfield code="w">2020-05-19</subfield>
    <subfield code="y">LB</subfield>
  </datafield>
  <datafield tag="952" ind1=" " ind2=" ">
    <subfield code="0">0</subfield>
    <subfield code="1">0</subfield>
    <subfield code="2">local</subfield>
    <subfield code="4">0</subfield>
    <subfield code="7">0</subfield>
    <subfield code="8">CLAW</subfield>
    <subfield code="a">NALT</subfield>
    <subfield code="b">NALT</subfield>
    <subfield code="c">LAW</subfield>
    <subfield code="d">2020-05-19</subfield>
    <subfield code="l">0</subfield>
    <subfield code="o">KR 36 &#xE08;549 2562</subfield>
    <subfield code="p">3961210427</subfield>
    <subfield code="r">2021-02-11 00:00:00</subfield>
    <subfield code="t">&#xE09;.2</subfield>
    <subfield code="w">2020-05-19</subfield>
    <subfield code="y">LB</subfield>
  </datafield>
  <datafield tag="952" ind1=" " ind2=" ">
    <subfield code="0">0</subfield>
    <subfield code="1">0</subfield>
    <subfield code="2">local</subfield>
    <subfield code="4">0</subfield>
    <subfield code="7">0</subfield>
    <subfield code="8">CSEN</subfield>
    <subfield code="a">NALT</subfield>
    <subfield code="b">NALT</subfield>
    <subfield code="c">LAW</subfield>
    <subfield code="d">2022-07-31</subfield>
    <subfield code="o">KR 36 &#xE08;549 2562</subfield>
    <subfield code="p">0100010683001</subfield>
    <subfield code="r">2022-11-29 00:00:00</subfield>
    <subfield code="w">2022-07-31</subfield>
    <subfield code="y">LB</subfield>
  </datafield>
</record>
